Scouse : a social and cultural history /

Bibliographic Details
Main Author: Crowley, Tony
Format: Book
Language:English
Published: Liverpool : Liverpool University Press, 2012.
Subjects:

MARC

Tag First Indicator Second Indicator Subfields
LEADER 00000cam a22000004a 4500
001 in00002811459
005 20151203083929.0
008 120531s2012 enk b 001 0 eng d
016 7 |a 016103576  |2 Uk 
019 |a 794592501 
020 |a 1846318394 
020 |a 9781846318399 
020 |a 1846318408 
020 |a 9781846318405 
029 1 |a DEBBG  |b BV040263333 
035 |a (OCoLC)ocn794592500 
035 |a (OCoLC)794592500 
040 |a YDXCP  |c YDXCP  |d UKMGB  |d NLE  |d OCLCO  |d CDX  |d NDD  |d DEBBG  |d BWX  |d UtOrBLW 
049 |a TXAM 
050 4 |a DA690.L8  |b C769 2012 
082 0 4 |a 427.753  |2 23 
084 |a HF 547  |2 rvk 
100 1 |a Crowley, Tony. 
245 1 0 |a Scouse :  |b a social and cultural history /  |c Tony Crowley. 
264 1 |a Liverpool :  |b Liverpool University Press,  |c 2012. 
300 |a xvi, 190 pages ;  |c 24 cm. 
336 |a text  |b txt  |2 rdacontent 
337 |a unmediated  |b n  |2 rdamedia 
338 |a volume  |b nc  |2 rdacarrier 
651 0 |a Liverpool (England)  |x Social life and customs. 
651 0 |a Liverpool (England)  |x History. 
650 0 |a English language  |x Dialects  |z England  |z Liverpool. 
648 4 |a Geschichte. 
650 0 7 |a Englisch.  |0 (DE-588)4014777-0  |2 gnd 
650 0 7 |a Mundart.  |0 (DE-588)4040725-1  |2 gnd 
651 7 |a Liverpool.  |0 (DE-588)4036068-4  |2 gnd 
938 |a Coutts Information Services  |b COUT  |n 22282947 
938 |a YBP Library Services  |b YANK  |n 7649728 
938 |a Blackwell Book Service  |b BBUS  |n 7649727 
947 |a A14835924749 
945 |a PromptCat  |b 203624 
946 |a stk 
994 |a 92  |b TXA 
948 |a Cataloged  |b h  |c 2013/2/15  |d c  |e EGrant 
999 |a MARS 
999 f f |s c78dfcd1-f2e4-3cb6-9104-fc3ab4e0731f  |i 574762e3-df54-36a9-8905-7b95ecc871dd  |t 0 
952 f f |p ric  |a Texas A&M University  |b Rellis Campus  |c Joint Library Facility  |d Remote Storage  |t 0  |e DA690.L8 C769 2012  |h Library of Congress classification  |i unmediated -- volume  |m A14835924749 
998 f f |a DA690.L8 C769 2012  |t 0  |l Remote Storage